02988nam a2200433 i 4500003000900000005001700009007000300026008004100029020001800070040003000088041000800118082002900126100006400155245020100219250002200420264009800442300002800540336002700568337003400595338002800629490004400657500016000701500003600861505046900897534019801366590002701564651007901591651006101670700004301731700006001774700005101834910001401885942001401899952014401913952015002057952015002207952018002357999001702537DO-SdBNP20251114133009.0ta240701s2024 dr 000 j spa d a9789945930795 aDO-SdBNPbspacBNPHUerda aspa 4a972.9304bR696c 20242221 aRodríguez Demorizi, Emilio,d1908-1986eautor4aut.9103910aContribución de Santiago a la obra de la independencia /cEmilio Rodríguez Demorizi, Rafael C. Senior ; presentación, Juan Daniel Balcácer ; cuidado de edición, Jesús R. Navarro Zerpa. aSegunda edición 4aSanto Domingo, D. N. República Dominicana : bAcademia Dominicana de la Historia,c©2024. a219 páginas ;c22 cm. atextobtxt2rdacontent asin mediación bn2rdamedia avolumenbnc2rdacarrier0 aAcademia Dominicana de la Historiav167 aEnsayos ganadores del certamen organizado por la Sociedad Amantes de la Luz en 1938 con motivo del primer centenario de la sociedad secreta La Trinitaria.  aIncluye índice onomástico.  aPresentación, 11 -- Primera parte: tema VII, 13 -- Veredicto del tema VIII, Contribución de Santiago a la obra de la Independencia, 15 -- Contribución de Santiago a la obra de la Independencia, 17 -- Documentos anexos, 37 -- Segunda parte. Tema IX, 141 -- Extracto, 143 -- Duarte en Santiago, 145 -- Tercera parte: Tema VII, 161 -- Glorias patrias de Santiago, 163 -- Índice onomástico, 191 -- Publicaciones de la Academia Dominicana de la Historia, 199. aContribución de Santiago a la obra de la independencia. bCertamen de La Trinitaria, auspiciado por el Honorable Presidente Trujillo. Sociedad Amantes de la Luz. cEditorial El Diario, 1938. aInventariado, 2024/ YL 4aRepública Dominicana xHistoria yGuerra de Independencia, 1844- 988795 4aSantiago, República DominicanaxHistoria Local 9464301 aSenior, Rafael C.,eautor4aut.9547331 aBalcácer, Juan Daniel,d1949-epresentador4pr.965661 aNavarro Zerpa, Jesús R.,eeditor4ed.973422 aYLockward 2ddccLBS1 00102ddc51708PDaBNPHUbBNPHUcHDd2024-05-15eDeposito Legall0oBNPHU PD 972.9304 R696c 2024p2024-3934r2024-07-01w2024-07-01yLBS1 00102ddc51708PDaBNPHUbBNPHUcHDd2024-05-15eDeposito Legall0oBNPHU PD 972.9304 R696c 2024p2024-3935r2024-07-01te. 2w2024-07-01yLBS1 00102ddc56708DSaBNPHUbBNPHUcHDd2024-05-15eDeposito Legall0oBNPHU DS 972.9304 R696c 2024p2024-3936r2024-07-01te. 3w2024-07-01yLBS1 00102ddc56708DSaBNPHUbBNPHUcHDd2024-12-11eDonado por Academia Dominicana de Historia l0oBNPHU DS 972.9304 R696c 2024p2025-11548r2025-10-10te. 4w2025-10-10yLBS1 c57082d57082